Aspectos de la democracia
Guardat en:
| Autor principal: | |
|---|---|
| Format: | Llibre |
| Idioma: | espanyol |
| Publicat: |
Ciudad de México
Limusa-Wiley
1965
|
| Matèries: | |
| Etiquetes: |
Afegir etiqueta
Sense etiquetes, Sigues el primer a etiquetar aquest registre!
|
MARC
| LEADER | 00000nam a2200000 a 4500 | ||
|---|---|---|---|
| 001 | UCY3139 | ||
| 003 | CL-VaPUC | ||
| 008 | 941213e19650000MX |||||||||||||||||spa|d | ||
| 082 | 0 | 4 | |a 321.4 |b SAR |2 21 |
| 100 | 0 | |a Sartori, Giovanni |e author |9 331357 | |
| 245 | 1 | 0 | |a Aspectos de la democracia |
| 300 | |a 475 p | ||
| 942 | |c BK | ||
| 945 | |d 19941213 00:00:00 |a aalvarez | ||
| 260 | |a Ciudad de México |b Limusa-Wiley |c 1965 | ||
| 650 | 0 | |a Democracia |9 255256 | |
| 583 | |a last modification |c 19941213 00:00:00 |k Rodrigo Vera | ||
| 999 | |c 231366 |d 231364 | ||
| 952 | |0 0 |1 0 |4 0 |6 321_400000000000000_SAR_1965 |7 0 |8 A |9 234582 |a BIBDER |b BIBDER |d 2019-11-15 |i 1802798 |o 321.4 SAR 1965 |p 1802798 |r 2023-01-25 |w 2019-11-15 |y BK |k DER | ||